| 000 | 01337nam a22003737a 4500 | ||
|---|---|---|---|
| 001 | 2 | ||
| 003 | FISKH | ||
| 005 | 20240530160305.0 | ||
| 008 | 230220b cb ||||| |||| 00| 0 eng d | ||
| 020 | _a0060230398 | ||
| 020 | _a0060230436 (lib. bdg.) | ||
| 040 |
_aDLC _cDLC _dDLC _dFISKH _beng |
||
| 042 | _alcac | ||
| 050 | 0 | 0 |
_aPZ7 _b.R5628 2010 |
| 082 | _a808.899 | ||
| 100 | 1 |
_aRobinson, Barbara, _d1927-2013. |
|
| 245 | 1 | 4 |
_aThe best school year ever / _cBarbara Robinson. |
| 250 | _aFirst Edition | ||
| 260 |
_aNew York : _bScholastic, _c2010 |
||
| 300 |
_a155 pages ; _c18 cm |
||
| 500 | _aSequel to: The best Christmas pageant ever. | ||
| 500 | _aSecond word of title appears on t.p. with X through it. | ||
| 520 | _aThe six horrible Herdmans, the worst children in the history of the world, cause mayhem throughout the school year. | ||
| 521 |
_a1020 _bLexile |
||
| 521 |
_aW _bRaz-Plus |
||
| 650 | 1 |
_aSchools _vFiction. |
|
| 650 | 1 |
_aBrothers and sisters _vFiction. |
|
| 650 | 1 |
_aBehavior _vFiction. |
|
| 650 | 1 | _aHumorous stories. | |
| 856 | 4 | 2 |
_3Publisher description _uhttp://www.loc.gov/catdir/description/hc041/93050891.html |
| 856 | 4 | 2 |
_3Contributor biographical information _uhttp://www.loc.gov/catdir/enhancements/fy0910/93050891-b.html |
| 906 |
_a7 _bcbc _corignew _d1 _eocip _f19 _gy-gencatlg |
||
| 942 |
_2lcc _cBK _n0 |
||
| 999 |
_c2 _d2 |
||